<The> Breakdown of credit relations under conditions of banking crisis <a> switching regime approach

Enregistré dans:
Détails bibliographiques
Auteur principal: Muňoz, Sónia
Format: Livre
Langue:anglais
Publié: Washington International Monetary Fund 2000
Collection:IMF Working Paper WP/00/135
Sujets:
Tags: Ajouter un tag
Pas de tags, Soyez le premier à ajouter un tag!

MARC

LEADER 00000nam a2200000 4500
001 c124382
005 20221221081716.9
041 0 |a eng 
044 |a US 
245 1 0 |a <The> Breakdown of credit relations under conditions of banking crisis  |b <a> switching regime approach  |c Sónia Muňoz 
264 1 |a Washington  |b International Monetary Fund  |c 2000 
300 |a 24 s. 
490 1 |a IMF Working Paper  |v WP/00/135 
830 0 |a IMF Working Paper  |v WP/00/135 
610 2 0 |a kríza banková 
610 2 0 |a úver 
610 2 0 |a úver bankový 
100 1 |a Muňoz, Sónia